| 000 -LEADER |
| fixed length control field |
00633 a2200217 4500 |
| 003 - CONTROL NUMBER IDENTIFIER |
| control field |
OSt |
| 005 - DATE AND TIME OF LATEST TRANSACTION |
| control field |
20260211105023.0 |
| 008 - FIXED-LENGTH DATA ELEMENTS--GENERAL INFORMATION |
| fixed length control field |
260211b ||||| |||| 00| 0 eng d |
| 020 ## - INTERNATIONAL STANDARD BOOK NUMBER |
| International Standard Book Number |
978-93-88818-48-3 |
| 040 ## - CATALOGING SOURCE |
| Transcribing agency |
. |
| 082 ## - DEWEY DECIMAL CLASSIFICATION NUMBER |
| Classification number |
620.1 |
| Item number |
B5758 |
| 100 ## - MAIN ENTRY--PERSONAL NAME |
| 9 (RLIN) |
6577 |
| Personal name |
Bhavikatti, S.S. |
| 245 ## - TITLE STATEMENT |
| Title |
Problems and Solutions in Engineering Mechanics / |
| Statement of responsibility, etc. |
S.S. Bhavikatti and A. Vittal Hegde |
| 250 ## - EDITION STATEMENT |
| Edition statement |
3rd ed. |
| 260 ## - PUBLICATION, DISTRIBUTION, ETC. |
| Name of publisher, distributor, etc. |
New Age International Publishers, |
| Place of publication, distribution, etc. |
New Delhi : |
| Date of publication, distribution, etc. |
2021. |
| 300 ## - PHYSICAL DESCRIPTION |
| Extent |
228 p. |
| 650 #0 - SUBJECT ADDED ENTRY--TOPICAL TERM |
| 9 (RLIN) |
23 |
| Topical term or geographic name entry element |
Mechanical Engineering |
|
| 9 (RLIN) |
119 |
| Topical term or geographic name entry element |
Mechanics |
| 700 ## - ADDED ENTRY--PERSONAL NAME |
| 9 (RLIN) |
6578 |
| Personal name |
Hegde, A Vittal |
| 942 ## - ADDED ENTRY ELEMENTS (KOHA) |
| Source of classification or shelving scheme |
|
| Koha item type |
Books |